| 000 | 00686nam a2200229 u 4500 | ||
|---|---|---|---|
| 005 | 20240806063820.0 | ||
| 008 | 090603s1995 es r 000 0 spa d | ||
| 020 | _a8478442758 | ||
| 035 | _aUPN01000170935 | ||
| 049 | _aI | ||
| 050 | 4 |
_aPZ13 _bT4.5 |
|
| 100 | 1 |
_aTellegen, Toon, _d1941- _939388 |
|
| 245 | 1 | 0 |
_aMi padre / _cToon Tellegen ; tr. de María Lerma ; il. de Rotraut Susanne Berner. |
| 260 |
_aMadrid : _bSiruela, _c1995. |
||
| 300 |
_a94 p. : _bil. |
||
| 440 | 4 |
_aLas tres edades ; _v41 |
|
| 534 |
_pTitulo original: _tMijn vader |
||
| 650 | 4 |
_aLiteratura juvenil _95153 |
|
| 650 | 4 |
_aCiencia ficción _95230 |
|
| 650 | 4 |
_aCUENTOS FANTASTICOS _97897 |
|
| 905 | _aInfantil | ||
| 999 |
_c143040 _d143040 |
||